000 00227 a2200097 4500
001 58239
100 _a
245 _aSoftware reference guide stella
260 _aLebanon
_bTechnical documentation
_c2004
090 _c35736
_d35736
942 _aNUST-CAE
_c
_c28598
999 _c293312
_d293312